Effects of culture on firm risk-taking a cross-country and cross-industry analysis /

Bibliographic Details
Main Author: Mihet, Roxana.
Corporate Author: ProQuest (Firm)
Format: Electronic eBook
Language:English
Published: Washington, D.C. : International Monetary Fund, c2012.
Series:IMF working paper ; WP/12/210
Subjects:
Online Access:Click to View
LEADER 01253nam a2200337Ia 4500
001 EBC1606951
003 MiAaPQ
005 20200520144314.0
006 m o d |
007 cr cn|||||||||
008 121206s2012 dcua sb 000 0 eng d
020 |z 9781475505603 
020 |z 9781475543834 
035 |a (MiAaPQ)EBC1606951 
035 |a (Au-PeEL)EBL1606951 
035 |a (CaPaEBR)ebr10627135 
035 |a (OCoLC)870245043 
040 |a MiAaPQ  |c MiAaPQ  |d MiAaPQ 
050 4 |a HD2741  |b .M54 2012 
100 1 |a Mihet, Roxana. 
245 1 0 |a Effects of culture on firm risk-taking  |h [electronic resource] :  |b a cross-country and cross-industry analysis /  |c Roxana Mihet. 
260 |a Washington, D.C. :  |b International Monetary Fund,  |c c2012. 
300 |a 49 p. :  |b ill. 
440 0 |a IMF working paper ;  |v WP/12/210 
504 |a Includes bibliographical references. 
533 |a Electronic reproduction. Ann Arbor, MI : ProQuest, 2015. Available via World Wide Web. Access may be limited to ProQuest affiliated libraries. 
650 0 |a Corporate governance. 
650 0 |a Culture. 
655 4 |a Electronic books. 
710 2 |a ProQuest (Firm) 
856 4 0 |u https://ebookcentral.proquest.com/lib/matrademy/detail.action?docID=1606951  |z Click to View